| Tag |
First Indicator |
Second Indicator |
Subfields |
| LEADER |
00000cam a2200000 i 4500 |
| 001 |
in00003607057 |
| 005 |
20170928110454.0 |
| 008 |
150430s2015 enka b 001 0 eng d |
| 010 |
|
|
|a 2015933909
|
| 020 |
|
|
|a 9780198747703
|q (hbk.)
|
| 020 |
|
|
|a 0198747705
|q (hbk.)
|
| 035 |
|
|
|a (OCoLC)ocn908334525
|
| 040 |
|
|
|a ERASA
|e rda
|c ERASA
|d BWK
|d BDX
|d YDX
|d CDX
|d NLE
|d INU
|d STF
|d GUA
|d GZN
|d UtOrBLW
|
| 049 |
|
|
|a TXAM
|
| 050 |
|
4 |
|a B4378.I76
|b S74 2015
|
| 082 |
0 |
|
|a 100
|
| 100 |
1 |
|
|a Stewart, Jon
|q (Jon Bartley),
|e author.
|0 http://id.loc.gov/authorities/names/n95122670
|
| 245 |
1 |
0 |
|a Soren Kierkegaard :
|b subjectivity, irony, and the crisis of modernity /
|c Jon Stewart.
|
| 250 |
|
|
|a First edition.
|
| 264 |
|
1 |
|a Oxford ;
|a New York :
|b Oxford University Press,
|c 2015.
|
| 300 |
|
|
|a xv, 210 pages :
|b illustrations ;
|c 23 cm.
|
| 336 |
|
|
|a text
|b txt
|2 rdacontent
|
| 336 |
|
|
|a still image
|b sti
|2 rdacontent
|
| 337 |
|
|
|a unmediated
|b n
|2 rdamedia
|
| 338 |
|
|
|a volume
|b nc
|2 rdacarrier
|
| 504 |
|
|
|a Includes bibliographical references (pages [195]-203) and index.
|
| 520 |
|
|
|a 'Soren Kierkegaard: subjectivity, irony, and the crisis of Modernity' examines the thought of Soren Kierkegaard, a unique figure, who has inspired, provoked, fascinated and irritated people ever since he walked the streets of Copenhagen. At the end of his life, Kierkegaard said that the only model he had for his work was the Greek philosopher Socrates. This work takes this statement as its point of departure. Jon Stewart explores what Kierkegaard meant by this and to show how different aspects of his writing and argumentative strategy can be traced back to Socrates. The main focus is 'The Concept of Irony,' which is a key text at the beginning of Kierkegaard's literary career. Although it was an early work, it nevertheless played a determining role in his later development and writings. Indeed, it can be said that it laid the groundwork for much of what would appear in his later famous books such as 'Either/Or' and 'Fear and Trembling.'
|
| 600 |
1 |
0 |
|a Kierkegaard, Søren,
|d 1813-1855
|x Criticism and interpretation.
|
| 600 |
1 |
0 |
|a Kierkegaard, Søren,
|d 1813-1855.
|t Om begrebet ironi.
|
| 945 |
|
|
|a PromptCat
|b 444573
|
| 946 |
|
|
|a stk
|
| 947 |
|
|
|a A14843349979
|
| 948 |
|
|
|a cataloged
|b h
|c 2016/1/21
|d c
|e dmitchel
|f 2:30:20 pm
|
| 994 |
|
|
|a C0
|b TXA
|
| 999 |
f |
f |
|s 40a2ead0-11f5-3efd-a0d2-682d1a8d65cc
|i 37da5a97-dd25-3448-9801-e1f1250608f4
|t 0
|
| 952 |
f |
f |
|p normal
|a Texas A&M University
|b College Station
|c Sterling C. Evans Library
|d Evans: Library Stacks
|t 0
|e B4378.I76 S74 2015
|h Library of Congress classification
|i unmediated -- volume
|m A14843349979
|
| 998 |
f |
f |
|a B4378.I76 S74 2015
|t 0
|l Evans: Library Stacks
|